<?xml version="1.0" encoding="UTF-8"?>
<record
    xmlns:xsi="http://www.w3.org/2001/XMLSchema-instance"
    xsi:schemaLocation="http://www.loc.gov/MARC21/slim http://www.loc.gov/standards/marcxml/schema/MARC21slim.xsd"
    xmlns="http://www.loc.gov/MARC21/slim">

  <leader>01491nab a2200217 i 4500</leader>
  <controlfield tag="001">BPP</controlfield>
  <controlfield tag="003">BPK</controlfield>
  <controlfield tag="005">20140225134627.0</controlfield>
  <controlfield tag="008">140225s2008    pl     f     |000 0 pol</controlfield>
  <datafield tag="040" ind1=" " ind2=" ">
    <subfield code="c">BPK</subfield>
  </datafield>
  <datafield tag="080" ind1=" " ind2=" ">
    <subfield code="a">621.56/.59</subfield>
  </datafield>
  <datafield tag="100" ind1=" " ind2=" ">
    <subfield code="a">BOHDAL, Tadeusz.</subfield>
    <subfield code="d">1996 -  .</subfield>
    <subfield code="b">Politechnika Koszali&#x144;ska - Wydzia&#x142; Mechaniczny,</subfield>
    <subfield code="c">Katedra Techniki Cieplnej i Ch&#x142;odnictwa</subfield>
  </datafield>
  <datafield tag="245" ind1=" " ind2=" ">
    <subfield code="a">Wybrane problemy stosowania pompy ciep&#x142;a we wsp&#xF3;&#x142;czesnych uk&#x142;adach energetycznych /</subfield>
    <subfield code="c">T. Bohdal, H. Charun.</subfield>
  </datafield>
  <datafield tag="260" ind1=" " ind2=" ">
    <subfield code="c">2008.</subfield>
  </datafield>
  <datafield tag="500" ind1=" " ind2=" ">
    <subfield code="a">Dane z autopsji.</subfield>
  </datafield>
  <datafield tag="520" ind1=" " ind2=" ">
    <subfield code="a">Wykorzystanie transformacji energii w obiegu termodynamicznym lewobie&#x17C;nym za pomoc&#x105; pompy ciep&#x142;a (spr&#x119;&#x17C;arkowej lub absorpcyjnej) mo&#x17C;e stanowi&#x107; wa&#x17C;ne ogniwo w rozwoju wsp&#xF3;&#x142;czesnej energetyki. Dotyczy to zw&#x142;aszcza energetyki o charakterze rozproszonym, z zastosowaniem uk&#x142;ad&#xF3;w kogeneracyjnych i tr&#xF3;jgeneracyjnych. W opracowaniu przedstawiono podstawowe zasady transformacji energii za pomoc&#x105; pompy ciep&#x142;a, a w oparciu o elementy analizy energetycznej i egzogetycznej wskazano metody wzrostu efektywno&#x15B;ci wsp&#xF3;&#x142;czesnych spr&#x119;&#x17C;arkowych pomp ciep&#x142;a. Okre&#x15B;lono og&#xF3;lne kierunki zastosowania tych urz&#x105;dze&#x144; w skojarzonych uk&#x142;adach energetycznych.</subfield>
  </datafield>
  <datafield tag="650" ind1=" " ind2=" ">
    <subfield code="a">Pompa ciep&#x142;a.</subfield>
  </datafield>
  <datafield tag="700" ind1=" " ind2=" ">
    <subfield code="a">CHARUN, Henryk.</subfield>
    <subfield code="d">1996 - .</subfield>
    <subfield code="b">Politechnika Koszali&#x144;ska - Wydzia&#x142; Mechaniczny,</subfield>
    <subfield code="c">Katedra Techniki Cieplnej i Ch&#x142;odnictwa</subfield>
  </datafield>
  <datafield tag="773" ind1=" " ind2=" ">
    <subfield code="i">W :</subfield>
    <subfield code="t">Ch&#x142;odnictwo i Klimatyzacja. -</subfield>
    <subfield code="g">2008, Nr 3(117), s. 60-65</subfield>
  </datafield>
  <datafield tag="942" ind1=" " ind2=" ">
    <subfield code="c">ART</subfield>
    <subfield code="2">UKD</subfield>
  </datafield>
  <datafield tag="999" ind1=" " ind2=" ">
    <subfield code="c">997</subfield>
    <subfield code="d">997</subfield>
  </datafield>
  <datafield tag="952" ind1=" " ind2=" ">
    <subfield code="0">0</subfield>
    <subfield code="1">0</subfield>
    <subfield code="4">0</subfield>
    <subfield code="7">0</subfield>
    <subfield code="a">BPK</subfield>
    <subfield code="b">BPK</subfield>
    <subfield code="o">0967</subfield>
    <subfield code="y">ART</subfield>
  </datafield>
</record>
